| 000 | 00543nam a2200193Ia 4500 | ||
|---|---|---|---|
| 999 |
_c34640 _d34640 |
||
| 003 | OSt | ||
| 005 | 20210409135812.0 | ||
| 008 | 190216s9999||||xx |||||||||||||| ||und|| | ||
| 020 | _a9788122433579 | ||
| 040 | _coclc | ||
| 082 |
_a530.12 _bTHA/Q |
||
| 100 |
_aThankappan, V K _94431 |
||
| 245 | 0 |
_aQuantum Mechanics / _cV K Thankappan |
|
| 250 | _a3rd Ed. | ||
| 260 |
_bNew Age International Publishers, _c2013. _aNew Delhi: |
||
| 300 | _a533p | ||
| 650 | _aPhysics | ||
| 942 |
_cBK _2ddc _h530.12 _iTHA/Q _k530.12 _mTHA/Q |
||